Łacińskie słowa #1 - Statystyki

Ogólne statystyki
  • Ten quiz został rozwiązany 3 132 razy
  • Średni wynik to 11 z 24
Statystyki odpowiedzi
Łaciński Polski % Poprawnych
Luna Księżyc
83%
Leo Lew
80%
Post Po
78%
Sol Słońce
78%
Lumen Światło
72%
Mater Mama
71%
Nihil Nic
67%
Deus Bóg
63%
Rex Król
62%
Corpus Ciało
56%
Lupus Wilk
49%
Pax Pokój
47%
Annus Rok
45%
Stella Gwiazda
42%
Ursus Niedźwiedź
40%
Contra Przeciwko
37%
Mille Tysiąc
30%
Amicus Przyjaciel
26%
Bellum Wojna
25%
Sanguis Krew
23%
Caput Głowa
20%
Ovum Jajko
17%
Avis Ptak
16%
Emptor Kupujący
7%
Nie znaleziono quizów pasujących do podanych kryteriów
Rozkład punktacji
Procent ludzi z każdym wynikiem
Percentyl według liczby udzielonych odpowiedzi
Twoja historia wyników
Nie rozwiązałeś tego quizu